000 00565nam a2200169 i 4500
001 64427
003 ES-MaACL
005 20230906165128.0
007 t|
008 031224s1971 sp ||||1| spa d
245 0 0 _aFolklore
_b: recopilación de canciones populares regionales /
_cpor Antonio Alvarez Arias ; prólogo Francisco P. Pérez Herrero.
260 _aLeón :
_b[s.n.],
_c1971.
300 _aXXII, 172 p. :
_bil. ;
_c21 cm.
700 1 _aAlvarez Arias, Antonio.
_920695
700 1 _aPérez Herrero, Pedro.
_990940
852 _aES-MaACL
_jC-44630
_bR.76849
999 _c64427
_d64427